000 00652nam a2200253Ia 4500
003 OSt
005 20221006142550.0
006 a|||||r|||| 00| 0
007 ta
008 221006b |||||||| |||| 00| 0 eng d
020 _cP2.50
024 _a6,604
037 _cTextual
040 _aEASL
_cEASL
_beng
041 _2eng
_aeng
082 _aY:4:7.498wN10, L0
100 _aTaring Rinchen Dolma
_9647934
245 0 _aDaughter of Tibet
260 _aLondon
_bJohn Murray
_c1970
300 _a280p.
_ccm.
490 _v Oth
942 _hY:4:7.498wN10, L0
_cTEXL
_2CC
999 _c1074690
_d1074690